000 00389nam a2200145 4500
020 _a9780470616307
082 _a657.04KIE
100 _aKiesi DonaldE.,.Weygandt Jerry J& WarfieldTerrt D.
245 _aIntermediate Accounting
260 _aHoboken
_bWiley
_c2011
300 _axviii,765p
_b:ill.;28cm
500 _aInclude Index.
650 _aIntermediate- Accounting.
942 _cBK
999 _c12272
_d12272